[Event "Scarborough op"]
[Site "Scarborough"]
[Date "2023.10.29"]
[Round "4"]
[White "Van Kemenade, Julie"]
[Black "Harkness, Bryan"]
[Result "1/2-1/2"]
[WhiteElo "1683"]
[BlackElo "2010"]
[PlyCount "66"]
[EventDate "2023.10.27"]
[EventType "swiss"]
[EventRounds "5"]
[EventCountry "ENG"]
[SourceTitle "Mega2024 Update 01"]
[Source "Chessbase"]
[SourceDate "2023.11.12"]
[SourceVersion "1"]
[SourceVersionDate "2023.11.12"]
[SourceQuality "1"]

1. e4 c5 2. Bc4 Nc6 3. c3 e6 4. Bb3 Nf6 5. d3 d5 6. Qe2 dxe4 7. dxe4 Qc7 8. Nf3 Be7 9. 0-0 0-0 10. Nbd2 e5 11. Re1 h6 12. h3 Rd8 13. Nf1 Na5 14. Bc2 Be6 15. b3 Bf8 16. g4 g6 17. Ng3 Nh7 18. Kh1 Nc6 19. Rg1 Kh8 20. Nh4 Qe7 21. Ng2 Bg7 22. Be3 b6 23. Raf1 g5 24. Nf5 Bxf5 25. exf5 Nf6 26. f3 Nd5 27. Bd2 Rd6 28. c4 Nf4 29. Qe4 Bf6 30. Nxf4 exf4 31. Be1 Rad8 32. Rg2 Nd4 33. Qxe7 Bxe7 1/2-1/2

[Event "Wales-chT 1920"]
[Site "Wales"]
[Date "2020.01.26"]
[Round "3.18"]
[White "Sivarajasingam, Venetia"]
[Black "Van Kemenade, Julie"]
[Result "1-0"]
[WhiteElo "1742"]
[BlackElo "1698"]
[PlyCount "135"]
[EventDate "2019.10.20"]
[EventType "team-tourn"]
[EventRounds "7"]
[EventCountry "WLS"]
[SourceTitle "EXT 2022"]
[Source "ChessBase"]
[SourceDate "2021.10.06"]
[SourceVersion "1"]
[SourceVersionDate "2021.10.06"]
[SourceQuality "1"]
[WhiteTeam "Cardiff"]
[BlackTeam "Cardigan"]
[WhiteTeamCountry "WLS"]
[BlackTeamCountry "WLS"]

1. e4 d6 2. d4 Nf6 3. Nc3 c6 4. f4 Qa5 5. Bd3 e5 6. Nf3 Bg4 7. dxe5 dxe5 8. f5 Nbd7 9. Bd2 Qb6 10. Na4 Qc7 11. h3 Bxf3 12. Qxf3 h6 13. g4 Be7 14. h4 b5 15. Nc3 0-0-0 16. Ne2 Nc5 17. 0-0-0 Nfd7 18. g5 hxg5 19. hxg5 Nb6 20. Kb1 Na6 21. f6 gxf6 22. gxf6 Bb4 23. Bc1 Kb7 24. b3 Rxh1 25. Rxh1 Qd6 26. Rh7 Rd7 27. Bb2 Ba3 28. Qf5 Bxb2 29. Kxb2 Nb4 30. Rh3 Kc7 31. a3 Na6 32. Rh5 Nc5 33. Qxe5 Nxd3+ 34. cxd3 Qxe5+ 35. Rxe5 Rxd3 36. Nf4 Rd7 37. Rf5 Kd8 38. e5 Ke8 39. Nh5 Kf8 40. Ng7 Rd2+ 41. Kc3 Rh2 42. e6 fxe6 43. Nxe6+ Kf7 44. Ng5+ Kf8 45. Ne6+ Kf7 46. Nd8+ Kf8 47. f7 Nd5+ 48. Kd3 Nc7 49. Nxc6 Rh7 50. Ne5 Ne6 51. Nd7+ Ke7 52. f8Q+ Nxf8 53. Nxf8 Rh3+ 54. Kc2 Rh2+ 55. Kc3 Rh3+ 56. Kb4 a5+ 57. Kxb5 Rxb3+ 58. Ka4 Rg3 59. Nh7 Kd6 60. Rxa5 Kc6 61. Ra6+ Kb7 62. Rd6 Ka7 63. Nf6 Rh3 64. Rd4 Rh6 65. Rf4 Rh3 66. Kb4 Ka6 67. Nd5 Rh2 68. Rf6+ 1-0

[Event "Telford 4NCL op 22nd"]
[Site "Telford"]
[Date "2019.07.19"]
[Round "1"]
[White "Van Kemenade, Julie"]
[Black "Lentzos, Ioanis"]
[Result "0-1"]
[WhiteElo "1719"]
[BlackElo "2043"]
[PlyCount "80"]
[EventDate "2019.07.19"]
[EventType "swiss"]
[EventRounds "5"]
[EventCountry "ENG"]
[SourceTitle "EXT 2020"]
[Source "ChessBase"]
[SourceDate "2019.10.17"]
[SourceVersion "1"]
[SourceVersionDate "2019.10.17"]
[SourceQuality "1"]

1. e4 e6 2. Qe2 Nf6 3. d3 d5 4. Nf3 c5 5. g3 Nc6 6. Bg2 Be7 7. 0-0 0-0 8. e5 Nd7 9. h4 b5 10. Bf4 Bb7 11. Nbd2 Qb6 12. Rfe1 Rfc8 13. c3 Bf8 14. Nf1 a5 15. N1h2 a4 16. Ng5 h6 17. Ngf3 a3 18. Rab1 axb2 19. Rxb2 Ra3 20. Reb1 b4 21. h5 Rxc3 22. Nh4 Ba6 23. Rd2 Nd4 24. Qg4 Rxd3 25. Re1 Kh8 26. Bxd5 exd5 27. Qxd7 Qe6 28. Qa4 Rxd2 29. Bxd2 Bc4 30. Qd1 Nf5 31. N4f3 Bxa2 32. g4 Ne7 33. g5 d4 34. Re4 Nd5 35. Rg4 Nc3 36. Qf1 Bd5 37. Qh3 b3 38. g6 b2 39. gxf7 b1Q+ 40. Nf1 Ne2+ 0-1

[Event "Dyfed op 48th"]
[Site "Fishguard"]
[Date "2019.02.23"]
[Round "3.4"]
[White "Van Kemenade, Julie"]
[Black "Jones, Iolo Cerredig"]
[Result "0-1"]
[WhiteElo "1704"]
[BlackElo "2205"]
[PlyCount "88"]
[EventDate "2019.02.22"]
[EventType "swiss"]
[EventRounds "5"]
[EventCountry "WLS"]
[SourceTitle "EXT 2020"]
[Source "ChessBase"]
[SourceDate "2019.10.17"]
[SourceVersion "1"]
[SourceVersionDate "2019.10.17"]
[SourceQuality "1"]

1. e4 e5 2. Bc4 Nf6 3. d3 c6 4. Bb3 d5 5. Nd2 Na6 6. c3 Nc5 7. Bc2 dxe4 8. dxe4 Nd3+ 9. Bxd3 Qxd3 10. Qe2 Qxe2+ 11. Nxe2 Be6 12. Ng3 g6 13. Nf3 Bd6 14. Bg5 Nd7 15. Rd1 Be7 16. b3 f6 17. Bc1 a5 18. 0-0 a4 19. Nd2 axb3 20. axb3 Nc5 21. c4 Nd3 22. Nb1 Nxc1 23. Rxc1 Bb4 24. Ne2 g5 25. Nbc3 Ke7 26. h3 Ra3 27. Rb1 Rd8 28. Rfc1 Rd3 29. Nd5+ cxd5 30. cxd5 Bd7 31. Rc7 Ra7 32. Ng3 Kd8 33. Rc4 Be7 34. Rbc1 b5 35. R4c2 Rxb3 36. Nf5 Ba3 37. Rd1 Bxf5 38. exf5 Rc7 39. Rc6 Rxc6 40. dxc6+ Kc8 41. Rd7 Rc3 42. Rb7 b4 43. Rb6 b3 44. c7 Kxc7 0-1

[Event "South Wales New Year op"]
[Site "Bridgend"]
[Date "2019.01.05"]
[Round "3"]
[White "Van Kemenade, Julie"]
[Black "Jaberansari, Daniel"]
[Result "1/2-1/2"]
[WhiteElo "1725"]
[BlackElo "1382"]
[PlyCount "83"]
[EventDate "2019.01.04"]
[EventType "swiss"]
[EventRounds "5"]
[EventCountry "WLS"]
[SourceTitle "EXT 2020"]
[Source "ChessBase"]
[SourceDate "2019.10.17"]
[SourceVersion "1"]
[SourceVersionDate "2019.10.17"]
[SourceQuality "1"]

1. e4 e6 2. d3 d5 3. Qe2 Be7 4. Nf3 Nf6 5. g3 Nc6 6. Bg2 0-0 7. 0-0 b6 8. e5 Nd7 9. h4 Bb7 10. Bf4 Na5 11. Re1 c5 12. Nbd2 Nc6 13. Nf1 Rc8 14. N1h2 Re8 15. Bh3 Nf8 16. Ng4 Ng6 17. Bg5 Bxg5 18. Nxg5 Nd4 19. Qd1 Qc7 20. c3 Nc6 21. f4 d4 22. c4 Nce7 23. Bg2 Nf5 24. Kh2 Bxg2 25. Kxg2 Rb8 26. h5 Nge7 27. h6 Nxh6 28. Nxh6+ gxh6 29. Ne4 Kh8 30. Nf6 Rf8 31. Qh5 Nf5 32. g4 Rg8 33. Kf2 Qb7 34. Re4 Ne3 35. Rxe3 dxe3+ 36. Kxe3 Qg2 37. Qxh6 Qg3+ 38. Kd2 Qf2+ 39. Kc3 Qd4+ 40. Kc2 Qf2+ 41. Kc3 Qd4+ 42. Kc2 1/2-1/2

[Event "South Wales Autumn op"]
[Site "Newport"]
[Date "2018.11.17"]
[Round "3"]
[White "Morgans, Justin"]
[Black "Van Kemenade, Julie"]
[Result "0-1"]
[WhiteElo "1650"]
[BlackElo "1706"]
[PlyCount "75"]
[EventDate "2018.11.16"]
[EventType "swiss"]
[EventRounds "5"]
[EventCountry "WLS"]
[SourceTitle "EXT 2020"]
[Source "ChessBase"]
[SourceDate "2019.10.17"]
[SourceVersion "1"]
[SourceVersionDate "2019.10.17"]
[SourceQuality "1"]

1. e4 d6 2. d4 Nf6 3. Bd3 e5 4. c3 h6 5. h3 Nbd7 6. Nf3 Be7 7. 0-0 c6 8. Re1 Qc7 9. Nbd2 g5 10. Nf1 Nf8 11. Ng3 g4 12. hxg4 Bxg4 13. Nf5 0-0-0 14. Nxh6 Rxh6 15. Bxh6 Ng6 16. Qb3 Be6 17. Qa4 Ng4 18. Bg5 Kb8 19. g3 Rh8 20. Bxe7 Qxe7 21. Qb4 Qf6 22. Be2 Bc8 23. Rf1 Nf4 24. Qc4 b5 25. Qxc6 Nxe2+ 26. Kg2 Nf4+ 27. Kg1 Qh6 28. Nh4 Bb7 29. Qxb5 Ng6 30. Kg2 Nxh4+ 31. gxh4 Qxh4 32. Kf3 Nh2+ 33. Ke2 Qxe4+ 34. Kd2 Nxf1+ 35. Rxf1 exd4 36. cxd4 Rc8 37. Qd3 Qxd3+ 38. Kxd3 0-1

[Event "West Wales op"]
[Site "Swansea"]
[Date "2018.10.13"]
[Round "3"]
[White "Van Kemenade, Julie"]
[Black "Haigh, Tony"]
[Result "1/2-1/2"]
[WhiteElo "1755"]
[BlackElo "1800"]
[PlyCount "61"]
[EventDate "2018.10.12"]
[EventType "swiss"]
[EventRounds "5"]
[EventCountry "WLS"]
[SourceTitle "EXT 2020"]
[Source "ChessBase"]
[SourceDate "2019.10.17"]
[SourceVersion "1"]
[SourceVersionDate "2019.10.17"]
[SourceQuality "1"]

1. e4 e6 2. d3 d5 3. Qe2 dxe4 4. dxe4 Nf6 5. Nf3 b6 6. g3 Bb7 7. e5 Nfd7 8. Bg2 Nc6 9. 0-0 Qe7 10. Re1 0-0-0 11. a4 a5 12. Nc3 h6 13. Nb5 g5 14. Nfd4 Nxd4 15. Nxd4 Bxg2 16. Kxg2 Nb8 17. Qe4 Qc5 18. c3 Qd5 19. Bd2 Qxe4+ 20. Rxe4 Na6 21. Re2 Nc5 22. Nc6 Rd7 23. b4 axb4 24. cxb4 Nb3 25. Ra2 Nd4 26. Nxd4 Rxd4 27. b5 Bc5 28. Be3 Rd5 29. Bxc5 Rxc5 30. f4 gxf4 31. gxf4 1/2-1/2

[Event "WLS-ch 64th"]
[Site "Cardiff"]
[Date "2018.04.02"]
[Round "7"]
[White "Turner, Joseph David"]
[Black "Van Kemenade, Julie"]
[Result "1/2-1/2"]
[WhiteElo "1884"]
[BlackElo "1701"]
[PlyCount "32"]
[EventDate "2018.03.30"]
[EventType "swiss"]
[EventRounds "7"]
[EventCountry "WLS"]
[SourceTitle "CBM 183 Extra"]
[Source "ChessBase"]
[SourceDate "2018.04.19"]
[SourceVersion "1"]
[SourceVersionDate "2018.04.19"]
[SourceQuality "1"]

1. e4 d6 2. d4 Nf6 3. Nc3 c6 4. h3 Qc7 5. Be3 e5 6. Nge2 Nbd7 7. g4 h6 8. Bg2 Be7 9. Qd2 g5 10. d5 c5 11. Ng3 Nf8 12. Nf5 Bxf5 13. exf5 a6 14. a4 N8d7 15. f3 Nb6 16. b3 0-0-0 1/2-1/2

[Event "Dyfed op 47th"]
[Site "Fishguard"]
[Date "2018.02.18"]
[Round "5"]
[White "Van Kemenade, Julie"]
[Black "Orton, Paul"]
[Result "1-0"]
[WhiteElo "1692"]
[BlackElo "1608"]
[PlyCount "57"]
[EventDate "2018.02.16"]
[EventType "swiss"]
[EventRounds "5"]
[EventCountry "WLS"]
[SourceTitle "EXT 2020"]
[Source "ChessBase"]
[SourceDate "2019.10.17"]
[SourceVersion "1"]
[SourceVersionDate "2019.10.17"]
[SourceQuality "1"]

1. e4 e5 2. Nf3 Nc6 3. Bc4 Nf6 4. d3 Be7 5. a3 0-0 6. 0-0 d6 7. c3 h6 8. Bb3 Be6 9. Nbd2 Qd7 10. Bc2 d5 11. exd5 Nxd5 12. Re1 Bf6 13. Ne4 Be7 14. Ng3 Bg4 15. h3 Bxf3 16. Qxf3 Nf6 17. Be3 Qd5 18. Qe2 Rfe8 19. Rad1 Bf8 20. Bb1 g6 21. Qd2 Kh7 22. b4 Rad8 23. Ba2 Qd7 24. Qc2 Kg7 25. Bb1 Ne7 26. d4 exd4 27. Bxd4 Qc6 28. Nh5+ gxh5 29. Qh7# 1-0

[Event "WLS-chT 1718"]
[Site "Wales"]
[Date "2017.11.05"]
[Round "2.12"]
[White "Downey, Keith"]
[Black "Van Kemenade, Julie"]
[Result "1-0"]
[WhiteElo "1819"]
[BlackElo "1699"]
[PlyCount "69"]
[EventDate "2017.10.22"]
[EventType "team-tourn"]
[EventRounds "5"]
[EventCountry "WLS"]
[SourceTitle "EXT 2020"]
[Source "ChessBase"]
[SourceDate "2019.10.17"]
[SourceVersion "1"]
[SourceVersionDate "2019.10.17"]
[SourceQuality "1"]
[WhiteTeam "White Knights"]
[BlackTeam "Cardigan"]
[WhiteTeamCountry "WLS"]
[BlackTeamCountry "WLS"]

1. c4 d6 2. d4 Nf6 3. Nc3 Nbd7 4. Nf3 e5 5. e4 g6 6. g3 Bg7 7. Bg2 0-0 8. 0-0 Ne8 9. Bg5 f6 10. Be3 Qe7 11. Rc1 f5 12. Nd5 Qd8 13. Ng5 Ndf6 14. dxe5 dxe5 15. f4 Nxd5 16. b3 h6 17. Nh3 fxe4 18. cxd5 Bxh3 19. Bxh3 exf4 20. Bxf4 Nd6 21. Qc2 Bd4+ 22. Kh1 g5 23. Bxd6 Rxf1+ 24. Rxf1 Qxd6 25. Qxe4 Bg7 26. Be6+ Kh8 27. Rf7 Qe5 28. Qg6 Qa1+ 29. Kg2 Qxa2+ 30. Rf2 Qa3 31. Bf5 Kg8 32. Qh7+ Kf8 33. Be6+ Ke7 34. Qxg7+ Kd6 35. Qd7+ 1-0

[Event "WLS-chT 1617"]
[Site "Wales"]
[Date "2017.05.21"]
[Round "5.12"]
[White "Dixon, Chris"]
[Black "Van Kemenade, Julie"]
[Result "1/2-1/2"]
[WhiteElo "1809"]
[BlackElo "1691"]
[PlyCount "61"]
[EventDate "2016.10.02"]
[EventType "team-tourn"]
[EventRounds "5"]
[EventCountry "WLS"]
[SourceTitle "EXT 2019"]
[Source "ChessBase"]
[SourceDate "2018.10.10"]
[SourceVersion "1"]
[SourceVersionDate "2018.10.10"]
[SourceQuality "1"]
[WhiteTeam "Abergavenny"]
[BlackTeam "Cardigan"]
[WhiteTeamCountry "WLS"]
[BlackTeamCountry "WLS"]

1. Nf3 d6 2. g3 Nf6 3. Bg2 c6 4. 0-0 Nbd7 5. d3 e5 6. e4 g6 7. Nbd2 Bg7 8. Nc4 Qc7 9. a4 0-0 10. Re1 Ne8 11. d4 Ndf6 12. dxe5 Nxe4 13. exd6 N4xd6 14. Bf4 Nxc4 15. Bxc7 Nxc7 16. c3 Nxb2 17. Qc2 Nc4 18. Nd4 Nd5 19. h3 a5 20. Rad1 Ncb6 21. Kh2 Bd7 22. Bxd5 Nxd5 23. Qb3 Rad8 24. c4 Nb4 25. Nc2 c5 26. Nxb4 axb4 27. Re2 Bc3 28. Rd3 Bc6 29. Rxd8 Rxd8 30. Qc2 Bf3 31. g4 1/2-1/2

[Event "EU-Cup 32nd"]
[Site "Novi Sad"]
[Date "2016.11.10"]
[Round "5.5"]
[White "Waterfield, John"]
[Black "Van Kemenade, Julie"]
[Result "1-0"]
[WhiteElo "1986"]
[BlackElo "1703"]
[PlyCount "49"]
[EventDate "2016.11.06"]
[EventType "team-swiss"]
[EventRounds "7"]
[EventCountry "SRB"]
[SourceTitle "CBM 176"]
[Source "ChessBase"]
[SourceDate "2017.01.17"]
[SourceVersion "1"]
[SourceVersionDate "2017.01.17"]
[SourceQuality "1"]
[WhiteTeam "Abergavenny"]
[BlackTeam "Cardigan"]
[WhiteTeamCountry "WLS"]
[BlackTeamCountry "WLS"]

1. e4 d6 2. d4 Nf6 3. Nc3 c6 4. f4 Qa5 5. Bd3 e5 6. Nf3 exd4 7. Nxd4 g6 8. Qe2 Nbd7 9. Be3 Bg7 10. 0-0-0 0-0 11. g4 b5 12. Nxc6 Qc7 13. Ne7+ Kh8 14. g5 Nh5 15. Nxb5 Qa5 16. Bc4 a6 17. Nxd6 Nc5 18. Qd2 Qc7 19. Nexc8 Raxc8 20. Nxc8 Rxc8 21. Qd6 Bxb2+ 22. Kxb2 Na4+ 23. Ka1 Qxc4 24. Bd4+ Kg8 25. Qe5 1-0

[Event "South Wales Summer op"]
[Site "Penarth"]
[Date "2016.08.28"]
[Round "2"]
[White "Braun, Walter"]
[Black "Van Kemenade, Julie"]
[Result "1-0"]
[WhiteElo "2198"]
[BlackElo "1716"]
[PlyCount "61"]
[EventDate "2016.08.27"]
[EventType "swiss"]
[EventRounds "5"]
[EventCountry "WLS"]
[SourceTitle "EXT 2018"]
[Source "ChessBase"]
[SourceDate "2017.10.13"]
[SourceVersion "1"]
[SourceVersionDate "2017.10.13"]
[SourceQuality "1"]

1. e4 d6 2. d4 Nf6 3. Nc3 c6 4. Nf3 Qc7 5. Bg5 e5 6. Be2 Nbd7 7. 0-0 Be7 8. a4 a5 9. Re1 h6 10. Be3 Nf8 11. h3 Rg8 12. d5 g5 13. Nh2 Ng6 14. Ng4 Bxg4 15. Bxg4 Nf4 16. Ra3 h5 17. Bf5 g4 18. Bxf4 exf4 19. h4 Kf8 20. Qd3 Nd7 21. Bxd7 Qxd7 22. g3 Bxh4 23. dxc6 bxc6 24. gxh4 g3 25. Ne2 Qh3 26. Qxd6+ Kg7 27. Nxg3 f3 28. Rxf3 Kh7 29. Rxf7+ Rg7 30. Rxg7+ Kxg7 31. Nf5+ 1-0

[Event "South Wales Summer op"]
[Site "Penarth"]
[Date "2016.08.27"]
[Round "1"]
[White "Ivekovic, Tihana"]
[Black "Van Kemenade, Julie"]
[Result "1-0"]
[WhiteElo "2103"]
[BlackElo "1716"]
[PlyCount "65"]
[EventDate "2016.08.27"]
[EventType "swiss"]
[EventRounds "5"]
[EventCountry "WLS"]
[SourceTitle "EXT 2018"]
[Source "ChessBase"]
[SourceDate "2017.10.13"]
[SourceVersion "1"]
[SourceVersionDate "2017.10.13"]
[SourceQuality "1"]

1. d4 d6 2. c4 Nf6 3. Nc3 Nbd7 4. g3 e5 5. Bg2 g6 6. Nf3 Bg7 7. dxe5 dxe5 8. 0-0 0-0 9. Qc2 c6 10. b3 Qc7 11. Ba3 Re8 12. Rad1 Nf8 13. Bd6 Qa5 14. Nxe5 Rxe5 15. b4 Rxe2 16. Qxe2 Qf5 17. Bxf8 Bxf8 18. Rd8 Kg7 19. b5 Qc5 20. Qb2 Be7 21. Ne4 Qf5 22. Nd6 Bxd6 23. Rxd6 Be6 24. bxc6 bxc6 25. Rxc6 Rd8 26. h3 Kh6 27. g4 Qf4 28. Qc1 Rd2 29. a3 Qd4 30. Rd6 Qxd6 31. Rd1 g5 32. Qxd2 Qc7 33. h4 1-0

[Event "WLS-chT 1516"]
[Site "Wales"]
[Date "2016.04.16"]
[Round "6.18"]
[White "Van Kemenade, Julie"]
[Black "Griffiths, Hywel"]
[Result "0-1"]
[WhiteElo "1724"]
[BlackElo "1836"]
[PlyCount "68"]
[EventDate "2015.11.01"]
[EventType "team-tourn"]
[EventRounds "7"]
[EventCountry "WLS"]
[SourceTitle "EXT 2018"]
[Source "ChessBase"]
[SourceDate "2017.10.13"]
[SourceVersion "1"]
[SourceVersionDate "2017.10.13"]
[SourceQuality "1"]

1. e4 c5 2. Nc3 Nc6 3. f4 g6 4. Nf3 Bg7 5. Bc4 d6 6. 0-0 Nf6 7. d3 0-0 8. Ne2 e6 9. Bb3 Qb6 10. Kh1 Nd4 11. c3 Nc6 12. Qe1 e5 13. Rb1 a5 14. Qg3 Nh5 15. Qf2 Bg4 16. h3 Bxf3 17. Qxf3 exf4 18. Bxf4 Nxf4 19. Nxf4 Ne5 20. Qg3 a4 21. Bd5 Qc7 22. d4 cxd4 23. cxd4 Nc6 24. Rbc1 Bxd4 25. Rc2 Qe7 26. Qd3 Nb4 27. Qxd4 Nxc2 28. Qd2 Rac8 29. Nxg6 hxg6 30. Qh6 Qe5 31. Qxg6+ Qg7 32. Qxd6 Ne3 33. Rf2 Rc1+ 34. Kh2 Nf1+ 0-1

[Event "WLS-ch 62nd"]
[Site "Cardiff"]
[Date "2016.03.26"]
[Round "4"]
[White "Van Kemenade, Julie"]
[Black "Fathallah, Joe"]
[Result "1/2-1/2"]
[WhiteElo "1728"]
[BlackElo "1969"]
[PlyCount "94"]
[EventDate "2016.03.25"]
[EventType "swiss"]
[EventRounds "7"]
[EventCountry "WLS"]
[SourceTitle "CBM 171 Extra"]
[Source "ChessBase"]
[SourceDate "2016.04.26"]
[SourceVersion "1"]
[SourceVersionDate "2016.04.26"]
[SourceQuality "1"]

1. e4 e6 2. d3 d5 3. Qe2 Nf6 4. Nf3 Be7 5. g3 0-0 6. Bg2 c5 7. 0-0 Nc6 8. e5 Nd7 9. c4 f6 10. exf6 Nxf6 11. Bf4 Bd6 12. Bxd6 Qxd6 13. Nc3 a6 14. Rad1 Nd4 15. Qd2 Nxf3+ 16. Bxf3 d4 17. Ne4 Nxe4 18. Bxe4 e5 19. Rde1 Rb8 20. Qe2 Bh3 21. Bg2 Bf5 22. Be4 b5 23. b3 bxc4 24. bxc4 Qb6 25. Rb1 Qxb1 26. Rxb1 Rxb1+ 27. Kg2 Bxe4+ 28. Qxe4 Rb2 29. Qd5+ Kh8 30. Kh3 Rxa2 31. Qxe5 Raxf2 32. Qxc5 Ra8 33. Qc6 Rff8 34. Qa4 a5 35. Kg2 Rfb8 36. Kf3 Re8 37. Kf2 Re3 38. c5 Rf8+ 39. Kg2 Rxd3 40. Qxa5 Rc3 41. Qb4 Rc2+ 42. Kh3 d3 43. Qe4 Rxc5 44. Qxd3 h6 45. Qd6 Rff5 46. Qd8+ Kh7 47. Qd3 Kg8 1/2-1/2

[Event "Dyfed op 45th"]
[Site "Fishguard"]
[Date "2016.02.28"]
[Round "5"]
[White "Bridges, Paul"]
[Black "Van Kemenade, Julie"]
[Result "1-0"]
[WhiteElo "1821"]
[BlackElo "1728"]
[PlyCount "111"]
[EventDate "2016.02.26"]
[EventType "swiss"]
[EventRounds "5"]
[EventCountry "WLS"]
[SourceTitle "EXT 2018"]
[Source "ChessBase"]
[SourceDate "2017.10.13"]
[SourceVersion "1"]
[SourceVersionDate "2017.10.13"]
[SourceQuality "1"]

1. e4 d6 2. d4 Nf6 3. Bd3 e5 4. d5 Nbd7 5. Be3 Be7 6. Nf3 h6 7. h3 Nf8 8. Nc3 a6 9. Qd2 g5 10. 0-0-0 Ng6 11. Kb1 Bd7 12. g3 b5 13. Ne1 c5 14. dxc6 Bxc6 15. a3 Qb8 16. Nd5 Bxd5 17. exd5 Nd7 18. Bxg6 fxg6 19. Qd3 Kf7 20. f4 gxf4 21. gxf4 Bf6 22. Rg1 Qg8 23. Nf3 exf4 24. Bxf4 Nc5 25. Qf1 Na4 26. Bxd6 Kg7 27. Be5 Qf7 28. Qd3 Rhe8 29. Bxf6+ Qxf6 30. Qd4 Qxd4 31. Nxd4 Kh7 32. Rgf1 Ra7 33. Nb3 Rd7 34. Rf3 Nb6 35. Nc5 Rd6 36. Nxa6 Nxd5 37. Kc1 Rxa6 38. Rxd5 b4 39. axb4 Ra1+ 40. Kd2 g5 41. b5 Ree1 42. Kc3 Rac1 43. Kb3 Re2 44. Rc3 Re7 45. b6 Rce1 46. Rc7 Kg6 47. Rdc5 R1e6 48. Rxe7 Rxe7 49. Kc4 h5 50. Kb5 g4 51. hxg4 hxg4 52. Rc3 Kf5 53. Ka6 Re6 54. Ka7 Kf4 55. b7 Re7 56. Ka8 1-0

[Event "WLS-chT 1516"]
[Site "Wales"]
[Date "2015.11.29"]
[Round "2.5"]
[White "Van Kemenade, Julie"]
[Black "Sivarajasingam, Shayanna"]
[Result "1-0"]
[WhiteElo "1724"]
[BlackElo "1557"]
[PlyCount "51"]
[EventDate "2015.11.01"]
[EventType "team-tourn"]
[EventRounds "7"]
[EventCountry "WLS"]
[SourceTitle "EXT 2018"]
[Source "ChessBase"]
[SourceDate "2017.10.13"]
[SourceVersion "1"]
[SourceVersionDate "2017.10.13"]
[SourceQuality "1"]

1. e4 e6 2. d3 d5 3. Qe2 d4 4. Nf3 Nf6 5. g3 c5 6. Bg2 Be7 7. 0-0 0-0 8. Nbd2 Nc6 9. Ne1 e5 10. f4 Ng4 11. Ndf3 Qc7 12. f5 Nf6 13. h3 Re8 14. g4 b5 15. Nh2 a5 16. g5 Nd7 17. Ng4 Qd8 18. Nf3 f6 19. h4 Ba6 20. Qf2 c4 21. Qg3 cxd3 22. cxd3 b4 23. Nh6+ Kf8 24. g6 hxg6 25. Qxg6 Bc4 26. dxc4 1-0

[Event "WLS-chT 1415"]
[Site "Cardiff"]
[Date "2015.05.10"]
[Round "7.6"]
[White "Guy, David T"]
[Black "Van Kemenade, Julie"]
[Result "1-0"]
[WhiteElo "1901"]
[BlackElo "1731"]
[PlyCount "79"]
[EventDate "2014.10.19"]
[EventType "team-swiss"]
[EventRounds "7"]
[EventCountry "WLS"]
[SourceTitle "EXT 2016"]
[Source "ChessBase"]
[SourceDate "2015.10.08"]
[SourceVersion "1"]
[SourceVersionDate "2015.10.08"]
[SourceQuality "1"]

1. d4 d6 2. e4 Nf6 3. Nc3 c6 4. h3 Nbd7 5. Nf3 e5 6. Be2 h6 7. 0-0 Be7 8. Re1 Qc7 9. a4 g5 10. Nh2 Nf8 11. Be3 Ng6 12. d5 c5 13. Bf1 Nf4 14. Bxf4 gxf4 15. Nb5 Qd8 16. Na3 Rg8 17. Kh1 Nh7 18. Nc4 Bh4 19. Qd2 Rg6 20. Ra3 Qf6 21. Rb1 Qg7 22. b4 b6 23. bxc5 bxc5 24. Na5 Ng5 25. Bb5+ Kf8 26. Qe2 Rb8 27. Nc6 Rb7 28. Rab3 Bxh3 29. gxh3 f3 30. Nxf3 Nxh3 31. Nxh4 Nf4 32. Nxg6+ Qxg6 33. Qf3 Qg5 34. Qg3 Qh5+ 35. Qh2 Qg6 36. Bd3 Rxb3 37. Rxb3 Qg5 38. Rb8+ Kg7 39. Qg3 f6 40. Rb7+ 1-0